000 00259nam a2200109Ia 4500
008 200302s9999 xx 000 0 und d
100 _aManuela Roth
245 _aConcrete Architecture & Design
260 _bBraun Publishing AG
260 _c2012
300 _a239
999 _c3365
_d3365